| Tag |
First Indicator |
Second Indicator |
Subfields |
| LEADER |
00000cam a22000007i 4500 |
| 001 |
in00005666321 |
| 007 |
ta |
| 008 |
250215s2025 enka b 001 0 eng d |
| 005 |
20251018172726.9 |
| 035 |
|
|
|a (OCoLC)on1499529745
|
| 040 |
|
|
|a YDX
|b eng
|e rda
|c YDX
|d BDX
|d UKMGB
|d OCLCO
|d OCLCQ
|d IG#
|d VRM
|d WIH
|
| 020 |
|
|
|a 9781913875619
|
| 020 |
|
|
|a 191387561X
|
| 024 |
8 |
|
|a CIPO000262892
|
| 035 |
|
|
|a (OCoLC)1499529745
|
| 043 |
|
|
|a n-us-va
|
| 050 |
|
4 |
|a E185.93.V8
|b E49 2025
|
| 082 |
0 |
4 |
|a 975.500496073
|2 23
|
| 245 |
0 |
0 |
|a Un/Bound :
|b Free Black Virginians, 1619-1865 /
|c edited by Graham Dozier.
|
| 260 |
|
|
|a Lewes :
|b D Giles Limited,
|c 2025.
|
| 300 |
|
|
|a 176 pages :
|b illustrations (colour) ;
|c 26 cm
|
| 336 |
|
|
|a text
|2 rdacontent
|b txt
|
| 336 |
|
|
|a still image
|2 rdacontent
|
| 337 |
|
|
|a unmediated
|2 rdamedia
|b n
|
| 338 |
|
|
|a volume
|2 rdacarrier
|b nc
|
| 505 |
0 |
0 |
|g Foreword /
|r by James W. Dyke, Jr., Tim Sullivan, Alvin J. Schexnider --
|g Acknowledgments /
|r by Jamie O. Bosket --
|g Introduction /
|r by Elizabeth M. Klaczynski --
|g Chapter 1.
|t Black freedom in slaveholding Virginia /
|r by Melvin Patrick Ely --
|g Chapter 2.
|t The Christian faith and legacies of liberation in Virginia's free Black society /
|r by Evanda S. Watts-Martinez --
|g Chapter 3.
|t Free Black people in rural Virginia: forms of resistance /
|r by Sabrina G. Watson --
|g Chapter 4.
|t Joseph Jenkins Roberts, free Black émigrés, and the Liberian experiment /
|r by Cassandra L. Newby-Alexander --
|g Chapter 5.
|t Education, politics, and the legacy of free Black Virginians after emancipation /
|r by Stephen Rockenbach --
|g Afterword /
|r by Jamie O. Bosket.
|
| 650 |
|
0 |
|a Free African Americans
|z Virginia
|x Social conditions.
|
| 650 |
|
0 |
|a Free African Americans
|z Virginia
|x History.
|
| 650 |
|
0 |
|a Slavery
|z Virginia
|x History.
|
| 651 |
|
0 |
|a Virginia
|x Race relations
|x History.
|
| 650 |
|
6 |
|a Noirs américains affranchis
|z Virginie
|x Histoire.
|
| 650 |
|
6 |
|a Esclavage
|z Virginie
|x Histoire.
|
| 650 |
|
7 |
|a Free African Americans
|x Social conditions
|2 fast
|
| 650 |
|
7 |
|a Free African Americans
|2 fast
|
| 650 |
|
7 |
|a Slavery
|x History.
|2 fast
|0 (OCoLC)fst01120452
|
| 651 |
|
7 |
|a Virginia
|2 fast
|1 https://id.oclc.org/worldcat/entity/E39PBJdh4WqHgwWkJJ4b3FGJXd
|
| 648 |
|
7 |
|a 1619-1865
|2 fast
|
| 700 |
1 |
|
|a Dozier, Graham T.,
|e editor.
|1 https://id.oclc.org/worldcat/entity/E39PCjvPwghyDDTyJxWTVdykym
|
| 852 |
8 |
|
|b POD
|z This title is available for the library to purchase for your use. Click the "Purchase It For Me" button to place a request. This item will take 5-10 business days to arrive.
|
| 955 |
|
|
|a Print PDA title
|
| 961 |
|
|
|m 565730
|
| 999 |
f |
f |
|s 86b360ca-9d1b-4fa4-abb0-142211f08463
|i 4b4ea983-8d17-4e6a-88cc-3c65a546e8d1
|t 0
|
| 952 |
f |
f |
|a Texas A&M University
|b College Station
|c Sterling C. Evans Library
|d Purchase on Demand
|t 0
|e E185.93.V8 E49 2025
|h Library of Congress classification
|
| 998 |
f |
f |
|a E185.93.V8 E49 2025
|t 0
|l Purchase on Demand
|